00556nam a22002177a 450000500170000001000130001702000100003003500130004003700160005304000120006908200150008110000200009624500640011624600060018026000350018627000130022130000200023450000420025465000230029665000190031920170124110000.0 aA-042852 c00.00 aA-042852 bCen Lib/Ret aDPLbEN a361.4bCOY aCoyle, Grace L. aGroup experience and democratic value /cby Grace L. Coyle  b  bWomen's Press aNew Yorkc1947 bNew York a185p.c17cm(Hb) aIncludes bibliographical references  aDemocratic values  aSocial worker